Notas bibliográficas sobre cultura y religiosidad popular en Guatemala /
Na minha lista:
| Autor principal: | |
|---|---|
| Formato: | Texto |
| Idioma: | Spanish |
| Assuntos: | |
| Tags: |
Adicionar Tag
Sem tags, seja o primeiro a adicionar uma tag!
|
MARC
| LEADER | 00000 a a2200000 04500 | ||
|---|---|---|---|
| 001 | 7913 | ||
| 003 | cru CRAI/IIS | ||
| 005 | 20210525113245.0 | ||
| 008 | 210525b |||||||| |||| 00| 0 spa d | ||
| 040 | |c cru CRAI/IIS | ||
| 100 | |a Lara Figueroa, Celso A. | ||
| 245 | |a Notas bibliográficas sobre cultura y religiosidad popular en Guatemala / |c Celso A Lara Figueroa | ||
| 500 | |a Colección Centroamérica | ||
| 650 | |a RELIGION | ||
| 650 | |a IDENTIDAD CULTURAL | ||
| 650 | |a GUATEMALA | ||
| 773 | |g número 51; páginas 145-150 | ||
| 773 | 0 | |0 18875 |9 5287 |a Universidad de Costa Rica. |d San José, Costa Rica: Universidad de Costa Rica. Consejo Superior Universitario Centroamericano, 1972- |o 14351 |t Estudios Sociales Centroamericanos / |x 03039676 | |
| 942 | |2 ddc |c PP | ||
| 999 | |c 25068 |d 25068 | ||
